Score 0/26 Timer 03:00
2 Plays Today
5-Letter Answer % Correct
AApril
99.4%
EEarth
94.3%
QQueen
93.6%
HHappy
90.6%
OOmega
88%
IIdaho
87.2%
NNixon
87%
FFemur
85.7%
YYemen
83%
VVirgo
82%
WWhite
81%
XXenon
79.2%
LLouis
78.9%
5-Letter Answer % Correct
KKings
72.9%
TTiger
63.5%
DDumbo
63%
GGinny
60%
MMoore
57.8%
ZZeppo
55.2%
PPound
50.1%
SSalem
49.3%
BBoxer
42.3%
CCrash
40.7%
JJones
37.3%
UUrban
35.8%
RRogue
34.2%
Remove Ads.
Support Sporcle.
Get the best of Sporcle when you Go Orange. This ad-free experience offers more features, more stats, and more fun while also helping to support Sporcle. Thank you for becoming a member.

You're not logged in!

Compare scores with friends on all Sporcle quizzes.
OR
Log In

Sporcle TV

Today on Sporcle TV


Watch our educational content, quiz creation guides, and fun videos on Sporcle TV.

Show Comments

Extras

Top Quizzes Today


Score Distribution

Paid Content

Your Account Isn't Verified!

In order to create a playlist on Sporcle, you need to verify the email address you used during registration. Go to your Sporcle Settings to finish the process.

Report this User

Report this user for behavior that violates our Community Guidelines.

Details: